A dinosaur named Sue : (Record no. 4178)

MARC details
000 -LEADER
fixed length control field 01342cam a22003975a 4500
001 - CONTROL NUMBER
control field 4178
003 - CONTROL NUMBER IDENTIFIER
control field FISKH
005 - DATE AND TIME OF LATEST TRANSACTION
control field 20241030104254.0
008 - FIXED-LENGTH DATA ELEMENTS--GENERAL INFORMATION
fixed length control field 010123s1999 nyua c 000 0 eng d
010 ## - LIBRARY OF CONGRESS CONTROL NUMBER
LC control number 2001274161
020 ## - INTERNATIONAL STANDARD BOOK NUMBER
International Standard Book Number 0439099838 (pbk.)
020 ## - INTERNATIONAL STANDARD BOOK NUMBER
International Standard Book Number 9780439099837
040 ## - CATALOGING SOURCE
Original cataloging agency HQB
Transcribing agency HQB
Modifying agency OHI
-- DLC
Language of cataloging eng
050 ## - LIBRARY OF CONGRESS CALL NUMBER
Classification number QE862.S3
082 ## - DEWEY DECIMAL CLASSIFICATION NUMBER
Classification number 567.9129
100 1# - MAIN ENTRY--PERSONAL NAME
Personal name Robinson, Fay.
245 10 - TITLE STATEMENT
Title A dinosaur named Sue :
Remainder of title the find of the century /
Statement of responsibility, etc. by Fay Robinson ; with the science team of the Field Museum ; with illustrations by Portia Sloan.
260 ## - PUBLICATION, DISTRIBUTION, ETC.
Place of publication, distribution, etc. New York :
Name of publisher, distributor, etc. Scholastic,
Date of publication, distribution, etc. 1999.
300 ## - PHYSICAL DESCRIPTION
Extent 48 pages ;
Other physical details color illustrations ;
Dimensions 23 cm
490 1# - SERIES STATEMENT
Series statement Scholastic Reader
Volume/sequential designation Level 4
505 ## - FORMATTED CONTENTS NOTE
Formatted contents note R<br/>
520 ## - SUMMARY, ETC.
Summary, etc. Describes how the fossil remains of the largest and most complete Tyrannosaurus rex were discovered in South Dakota.
521 ## - TARGET AUDIENCE NOTE
Target audience note 760<br/>
Source Lexile<br/>
521 ## - TARGET AUDIENCE NOTE
Target audience note R<br/>
Source Raz-Plus<br/><br/>
650 #0 - SUBJECT ADDED ENTRY--TOPICAL TERM
Topical term or geographic name entry element Tyrannosaurus rex
Form subdivision Juvenile literature.
650 #0 - SUBJECT ADDED ENTRY--TOPICAL TERM
Topical term or geographic name entry element Paleontology
Form subdivision Juvenile literature.
650 #0 - SUBJECT ADDED ENTRY--TOPICAL TERM
Topical term or geographic name entry element Fossils
Form subdivision Juvenile literature.
650 #1 - SUBJECT ADDED ENTRY--TOPICAL TERM
Topical term or geographic name entry element Tyrannosaurus rex.
650 #1 - SUBJECT ADDED ENTRY--TOPICAL TERM
Topical term or geographic name entry element Dinosaurs.
650 #1 - SUBJECT ADDED ENTRY--TOPICAL TERM
Topical term or geographic name entry element Paleontology.
650 #1 - SUBJECT ADDED ENTRY--TOPICAL TERM
Topical term or geographic name entry element Fossils.
700 1# - ADDED ENTRY--PERSONAL NAME
Personal name Sloan, Portia.
Relationship illustrator
906 ## - LOCAL DATA ELEMENT F, LDF (RLIN)
a 7
b cbc
c copycat
d 2
e ncip
f 20
g y-gencatlg
942 ## - ADDED ENTRY ELEMENTS (KOHA)
Source of classification or shelving scheme Dewey Decimal Classification
Koha item type Books
Suppress in OPAC No
Holdings
Withdrawn status Lost status Source of classification or shelving scheme Damaged status Not for loan Collection Home library Current library Shelving location Date acquired Total Checkouts Full call number Barcode Date last seen Price effective from Koha item type Copy number
    Dewey Decimal Classification     Non-Fiction Footprints International School Library Network Toul Kork Campus Footprints International School Library Network Toul Kork Campus TK Primary Library Room(4th Floor), Bookcase 5&6, Shelves 33-56, Orange Books 06/25/2024   ROB 567.9129 QE862.S3 FISTK01153 06/25/2024 06/25/2024 Books  
    Dewey Decimal Classification     Non-Fiction Footprints International School Library Network Toul Kork Campus Footprints International School Library Network Toul Kork Campus TK Primary Library Room(4th Floor), Bookcase 5&6, Shelves 33-56, Orange Books 10/30/2024   ROB 567.9129 QE862.S3 2024-2255 10/30/2024 10/30/2024 Books 2